Hỏi-đáp 300 năm Sài Gòn - Tp. Hồ Chí Minh; T4

Zapisane w:
Opis bibliograficzny
1. autor: Lê Minh Quốc
Format: Książka
Język:Undetermined
Wydane: Tp. HCM Trẻ 1998
Hasła przedmiotowe:
Etykiety: Dodaj etykietę
Nie ma etykietki, Dołącz pierwszą etykiete!
Thư viện lưu trữ: Trung tâm Học liệu Trường Đại học Cần Thơ
LEADER 00532nam a2200169Ia 4500
001 CTU_27071
008 210402s9999 xx 000 0 und d
082 |a 915.97 
082 |b Qu514/T4 
100 |a Lê Minh Quốc 
245 0 |a Hỏi-đáp 300 năm Sài Gòn - Tp. Hồ Chí Minh; T4 
245 0 |c Lê Minh Quốc 
260 |a Tp. HCM 
260 |b Trẻ 
260 |c 1998 
650 |a ho chi minh city,saigon - description and travel,vietanam - history 
980 |a Trung tâm Học liệu Trường Đại học Cần Thơ